| 000 | 00947nas a2200313 4500 | ||
|---|---|---|---|
| 001 | BR9213828 | ||
| 003 | BR-BrBNA | ||
| 005 | 20231205095128.0 | ||
| 007 | ta | ||
| 008 | 230509b bl.|||p| |||| 00| 00por d | ||
| 040 |
_aBR-BrBNA _bpor _cBiblioteca Nacional de Agricultura |
||
| 041 | _a(Pt) | ||
| 072 | _aF01 | ||
| 100 | 1 | _aColozza, M.T. | |
| 100 | 1 | _aMonteiro, F.A. | |
| 100 | 1 | _aFancelli, A.L. | |
| 100 | 1 | _aWerner, J.C. | |
| 245 | 1 | _aLimitacoes de fertilidade em solos de tres localidades do estado de Sao Paulo para o cultivo da Galactia striata (Jacq.)Urb. | |
| 650 | _aPlanta Forrageira | ||
| 650 | _aVariedade | ||
| 650 | _aSolo | ||
| 650 | _aFertilidade do Solo | ||
| 650 | _aAdubacao | ||
| 650 | _aEstufa | ||
| 650 | _aSao Paulo | ||
| 773 | 0 |
_tBoletim de Industria Animal (Brazil) _xISSN 0067-9615 _g(Jan-Jun 1987), v. 44(1) p. 135-145 _wBR9213828 |
|
| 909 |
_a202311 _bLúcia _c55 _dLúcia Elande |
||
| 942 |
_2AGRIS _n0 _cANA |
||
| 999 |
_c148827 _d148827 |
||